Data structure and algorithms using C++ : a practical implementation

"Programming is considered to be basic foundation block for building the logic and skills of the learners. It is also included as one of the fundamental requirements in the course curriculum for engineering students, other graduate disciplines as well as in intermediate classes in school. It is...

Full description

Saved in:
Bibliographic Details
Other Authors Mohanty, Sachi Nandan (Editor), Tripathy, Pabitra Kumar (Editor)
Format Electronic eBook
LanguageEnglish
Published Hoboken, NJ : Wiley : Scrivener Publishing, 2021.
Subjects
Online AccessFull text
ISBN9781119752035
9781119752042
9781119752059
9781119750543
Physical Description1 online zdroj (416 stran)

Cover

LEADER 00000nam a2200000 i 4500
001 115510
003 CZ-ZlUTB
005 20260416153143.0
006 m o d
007 cr#cnu||||||||
008 210330s2021 nju o 000 0 eng d
020 |a 9781119752035 
020 |a 9781119752042 
020 |a 9781119752059 
020 |z 9781119750543 
035 |a (CKB)4100000011717634 
035 |a (MiAaPQ)EBC6455998 
035 |a (Perlego)2086535 
035 |a (EXLCZ)994100000011717634 
040 |a MiAaPQ  |b eng  |e rda  |c MiAaPQ  |d MiAaPQ 
245 0 0 |a Data structure and algorithms using C++ :  |b a practical implementation /  |c edited by Sachi Nandan Mohanty and Pabitra Kumar Tripathy. 
264 1 |a Hoboken, NJ :  |b Wiley :  |b Scrivener Publishing,  |c 2021. 
300 |a 1 online zdroj (416 stran) 
336 |a text  |b txt  |2 rdacontent 
337 |a počítač  |b c  |2 rdamedia 
338 |a online zdroj  |b cr  |2 rdacarrier 
506 |a Plný text je dostupný pouze z IP adres počítačů Univerzity Tomáše Bati ve Zlíně nebo vzdáleným přístupem pro zaměstnance a studenty 
520 |a "Programming is considered to be basic foundation block for building the logic and skills of the learners. It is also included as one of the fundamental requirements in the course curriculum for engineering students, other graduate disciplines as well as in intermediate classes in school. It is necessary, therefore, for learners to understand the basics to develop the skillset to write programs, design algorithms, digest and apply it in formulating real-world problems. But when the time to write programs comes, most students get scared of and find it hard to learn and score a good mark. There are a number of books available, but keeping the learners' perspective in mind we have set a focal point to reach to the psychology of the students in a layman point of view by introducing and narrating the concepts and syntaxes with the help of simple examples"--  |c Provided by publisher. 
588 |a Description based on print version record. 
650 0 |a Data structures (Computer science) 
655 7 |a elektronické knihy  |7 fd186907  |2 czenas 
655 9 |a electronic books  |2 eczenas 
700 1 |a Mohanty, Sachi Nandan,  |e editor. 
700 1 |a Tripathy, Pabitra Kumar,  |e editor. 
776 0 8 |z 9781119750543 
856 |u https://search.ebscohost.com/login.aspx?direct=true&scope=site&db=nlebk&db=nlabk&AN=2729622&authtype=ip,shib&custid=s3936755 
942 |2 udc 
992 |c EBOOK-TN  |c EBSCO 
993 |x NEPOSILAT  |y EIZ 
999 |c 115510  |d 115510